000 00500cam a2200205ua 4500
001 9389
008 150822n ii |||gr||||Z||||||eng
020 _a9788182811690
040 _cMAIN
041 _aeng
082 _a338.5
100 _aJhingan, M L,
_eAuthor.
245 1 _aMicro economic theory
_cby M L Jhingan
250 _a7th rev. & enl. ed.
260 _aDelhi:
_bvrinda publications,
_c2015.
300 _a515p.
653 _aProduction
653 _aMicroeconomic theory
942 _cBK
999 _c8447
_d8447